[Event "Belem Carepa Memorial"]
[Site "Belem"]
[Date "2008.03.22"]
[Round "4.18"]
[White "Dos Santos, Yuri Rodrigo Lobo"]
[Black "Cardoso, Cicero Assuncao Jr"]
[Result "1-0"]
[WhiteElo "1798"]
[BlackElo "1845"]
[PlyCount "81"]
[EventDate "2008.03.20"]
[EventType "swiss"]
[EventRounds "7"]
[EventCountry "BRA"]
[SourceTitle "EXT 2022"]
[Source "ChessBase"]
[SourceDate "2021.10.06"]
[SourceVersion "1"]
[SourceVersionDate "2021.10.06"]
[SourceQuality "1"]

1. e4 c5 2. Nf3 e6 3. d4 cxd4 4. Nxd4 a6 5. Nc3 b5 6. a3 Bb7 7. Be2 b4 8. axb4 Bxb4 9. Bf3 Qc7 10. Bd2 Ne7 11. 0-0 0-0 12. Ra4 Bd6 13. g3 Be5 14. Bg2 f5 15. Kh1 Nbc6 16. Nb3 f4 17. g4 Ng6 18. f3 Nh4 19. Be1 Nxg2 20. Kxg2 g5 21. h4 h6 22. Rh1 Kg7 23. Nc5 Bc8 24. Bf2 d6 25. Nd3 Bf6 26. h5 Na5 27. Qe2 Bd7 28. Rb4 Bxc3 29. bxc3 e5 30. Bb6 Qxc3 31. Bxa5 Qa3 32. Bc7 a5 33. Rb3 Qa2 34. Bxd6 Rfe8 35. Bxe5+ Rxe5 36. Nxe5 Rc8 37. Rc1 Ba4 38. Rb7+ Kg8 39. Qa6 Rxc2+ 40. Rxc2 Qxc2+ 41. Kh3 1-0